Providing for consideration of the bill (H.R. 2574) to amend title VI of the Civil Rights Act of 1964 to restore the right to individual civil actions in cases involving disparate impact, and for other purposes; providing for consideration of the bill (H.R. 2639) to establish the Strength in Diversity Program, and for other purposes; providing for consideration of the bill (H.R. 2694) to eliminate discrimination and promote women's health and economic security by ensuring reasonable workplace accommodations for workers whose ability to perform the functions of a job are limited by pregnancy, childbirth, or a related medical condition; providing for consideration of the resolution (H. Res. 908) condemning all forms of anti-Asian sentiment as related to COVID-19; and for other purposes : report (to accompany H. Res. 1107).

Bibliographic Details
Corporate Author: United States. Congress. House. Committee on Rules (Author)
Format: Government Document eBook
Language:English
Published: [Washington, D.C.] : [U.S. Government Publishing Office], 2020.
Series:Report / 116th Congress, 2d session, House of Representatives ; 116-502
Subjects:
Online Access:PDF version
Text version

MARC

Tag First Indicator Second Indicator Subfields
LEADER 00000cam a2200000 i 4500
001 in00004349721
006 m o d f
007 cr |||||||||||
008 200915s2020 dcu o f000 0 eng c
005 20220729165602.0
019 |a 1200462190 
035 |a (OCoLC)on1195918276 
040 |a GPO  |b eng  |e rda  |e pn  |c GPO  |d OCLCF  |d GPO  |d DWP  |d OCLCQ  |d GPO  |d MvI 
042 |a pcc 
043 |a n-us--- 
049 |a WWW 
050 4 |a KF32  |b .R8 2020o 
074 |a 1008-I (online) 
086 0 |a Y 1.1/8:116-502 
110 1 |a United States.  |b Congress.  |b House.  |b Committee on Rules,  |e author. 
245 1 0 |a Providing for consideration of the bill (H.R. 2574) to amend title VI of the Civil Rights Act of 1964 to restore the right to individual civil actions in cases involving disparate impact, and for other purposes; providing for consideration of the bill (H.R. 2639) to establish the Strength in Diversity Program, and for other purposes; providing for consideration of the bill (H.R. 2694) to eliminate discrimination and promote women's health and economic security by ensuring reasonable workplace accommodations for workers whose ability to perform the functions of a job are limited by pregnancy, childbirth, or a related medical condition; providing for consideration of the resolution (H. Res. 908) condemning all forms of anti-Asian sentiment as related to COVID-19; and for other purposes :  |b report (to accompany H. Res. 1107). 
264 1 |a [Washington, D.C.] :  |b [U.S. Government Publishing Office],  |c 2020. 
300 |a 1 online resource (9 pages). 
336 |a text  |b txt  |2 rdacontent 
337 |a computer  |b c  |2 rdamedia 
338 |a online resource  |b cr  |2 rdacarrier 
490 1 |a Report / 116th Congress, 2d session, House of Representatives ;  |v 116-502 
588 |a Description based on online resource; title from PDF title screen (govinfo web site, viewed on Sept. 15, 2020). 
500 |a "September 14, 2020." 
500 |a GPO Cataloging Record Distribution Program (CRDP). 
610 1 0 |a United States.  |b Congress.  |b House  |x Rules and practice. 
610 1 7 |a United States.  |b Congress.  |b House  |2 fast  |0 (OCoLC)fst00536930 
655 7 |a Legislative materials.  |2 fast  |0 (OCoLC)fst01774285 
655 7 |a Rules.  |2 fast  |0 (OCoLC)fst01423857 
655 7 |a Legislative materials.  |2 lcgft 
776 0 8 |i Print version:  |a United States. Congress. House. Committee on Rules.  |t Providing for consideration of the bill (H.R. 2574) to amend title VI of the Civil Rights Act of 1964 to restore the right to individual civil actions in cases involving disparate impact, and for other purposes; providing for consideration of the bill (H.R. 2639) to establish the Strength in Diversity Program, and for other purposes; providing for consideration of the bill (H.R. 2694) to eliminate discrimination and promote women's health and economic security by ensuring reasonable workplace accommodations for workers whose ability to perform the functions of a job are limited by pregnancy, childbirth, or a related medical condition; providing for consideration of the resolution (H. Res. 908) condemning all forms of anti-Asian sentiment as related to COVID-19; and for other purposes  |w (OCoLC)1227305007 
776 0 8 |i Microfiche version:  |a United States. Congress. House. Committee on Rules.  |t Providing for consideration of the bill (H.R. 2574) to amend title VI of the Civil Rights Act of 1964 to restore the right to individual civil actions in cases involving disparate impact, and for other purposes; providing for consideration of the bill (H.R. 2639) to establish the Strength in Diversity Program, and for other purposes; providing for consideration of the bill (H.R. 2694) to eliminate discrimination and promote women's health and economic security by ensuring reasonable workplace accommodations for workers whose ability to perform the functions of a job are limited by pregnancy, childbirth, or a related medical condition; providing for consideration of the resolution (H. Res. 908) condemning all forms of anti-Asian sentiment as related to COVID-19; and for other purposes  |w (OCoLC)1295433090 
810 1 |a United States.  |b Congress.  |b House.  |t Report ;  |v 116-502. 
856 4 0 |3 PDF version  |u https://purl.fdlp.gov/GPO/gpo144835  |t 0 
856 4 0 |3 Text version  |u https://purl.fdlp.gov/GPO/gpo144836  |t 0 
999 f f |s cd84129f-70b2-4463-a4a4-89bce8b52f2d  |i 6230086b-858a-3b80-9cf3-cf63f9c07a39  |t 0 
952 f f |a Texas A&M University  |b College Station  |c Electronic Resources  |d Available Online  |t 0  |e Y 1.1/8:116-502  |h Superintendent of Documents classification 
998 f f |a Y 1.1/8:116-502  |t 0  |l Available Online